<?xml version="1.0" encoding="UTF-8"?>
<record
    xmlns:xsi="http://www.w3.org/2001/XMLSchema-instance"
    xsi:schemaLocation="http://www.loc.gov/MARC21/slim http://www.loc.gov/standards/marcxml/schema/MARC21slim.xsd"
    xmlns="http://www.loc.gov/MARC21/slim">

  <leader>02966cam a2200361 a 4500</leader>
  <controlfield tag="001">16989413</controlfield>
  <controlfield tag="003">OSt</controlfield>
  <controlfield tag="005">20231101162334.0</controlfield>
  <controlfield tag="008">111003s2012    mau      b    001 0 eng  </controlfield>
  <datafield tag="010" ind1=" " ind2=" ">
    <subfield code="a">  2011041301</subfield>
  </datafield>
  <datafield tag="020" ind1=" " ind2=" ">
    <subfield code="a">9780763765705 (pbk.) (5e)</subfield>
  </datafield>
  <datafield tag="035" ind1=" " ind2=" ">
    <subfield code="a">(DNLM)101570471</subfield>
  </datafield>
  <datafield tag="040" ind1=" " ind2=" ">
    <subfield code="a">WIUC - GH</subfield>
    <subfield code="c">WIUC - GH</subfield>
    <subfield code="d">DLC</subfield>
  </datafield>
  <datafield tag="042" ind1=" " ind2=" ">
    <subfield code="a">pcc</subfield>
  </datafield>
  <datafield tag="050" ind1="0" ind2="0">
    <subfield code="a">RT84.5</subfield>
    <subfield code="b">.P53 </subfield>
  </datafield>
  <datafield tag="060" ind1="1" ind2="0">
    <subfield code="a">WY 86</subfield>
  </datafield>
  <datafield tag="082" ind1="0" ind2="0">
    <subfield code="a">610.7301</subfield>
    <subfield code="2">23</subfield>
  </datafield>
  <datafield tag="245" ind1="0" ind2="0">
    <subfield code="a">Philosophical and theoretical perspectives for advanced nursing practice. / [edited by]</subfield>
    <subfield code="c">William K, Cody</subfield>
  </datafield>
  <datafield tag="250" ind1=" " ind2=" ">
    <subfield code="a">5th ed. /</subfield>
  </datafield>
  <datafield tag="260" ind1=" " ind2=" ">
    <subfield code="a">Burlington, MA :</subfield>
    <subfield code="b">Jones &amp; Bartlett Learning,</subfield>
    <subfield code="c">2013</subfield>
  </datafield>
  <datafield tag="300" ind1=" " ind2=" ">
    <subfield code="a">xvi, 397 p. ;</subfield>
    <subfield code="c">23 cm.</subfield>
    <subfield code="b">index, :</subfield>
  </datafield>
  <datafield tag="504" ind1=" " ind2=" ">
    <subfield code="a">Includes bibliographical references and index.</subfield>
  </datafield>
  <datafield tag="505" ind1=" " ind2=" ">
    <subfield code="a">Contents: Value-based practice and evidence-based care: pursuing fundamental questions in nursing philosophy and theory -- Structuring nursing knowledge: a priority for creating nursing's future -- Fundamental patterns of knowing in nursing -- The state of nursing science: hallmarks of the 20th and 21st centuries -- What constitutes nursing science? -- Nursing theory-guided practice: what is it and what it is not -- A practice discipline that's here and now -- Nursing: the ontology of the discipline -- Philosophical position on nature of human beings foundational to Orem's self-care deficit nursing theory -- Reframing outcomes: enhancing personhood -- Expressing health through lifestyle patterns -- Healing as appreciating wholeness -- Thinking upstream: nurturing a conceptual understanding of the societal context of health behavior -- Environmental paradigms: moving toward an ecocentric perspective -- A dialectical examination of nursing art -- A conceptual framework for person-centered practice with older people -- Relational practice and nursing obligations -- Nursing knowledge and human science: ontological and epistemological considerations -- Professionalism and the evolution of nursing as a discipline -- Rapture and suffering with technology in nursing -- Exploring an alternative metaphor for nursing -- Nursing science in the global community -- Nursing practice with aboriginal communities: expanding world views --Optimizing nursing care by integrating theory-driven evidence-based practice -- On nursing theories and evidence -- Evidence-based practice: critique and alternative view -- Theory-based advanced nursing practice -- What will count as evidence in the year 2050? -- An ontological view of advanced practice nursing -- The nurse scholar of the 21st century</subfield>
  </datafield>
  <datafield tag="650" ind1="1" ind2="2">
    <subfield code="a">Nursing Theory.</subfield>
    <subfield code="9">206</subfield>
  </datafield>
  <datafield tag="650" ind1="2" ind2="2">
    <subfield code="a">Evidence-Based Nursing.</subfield>
    <subfield code="9">1405</subfield>
  </datafield>
  <datafield tag="650" ind1="2" ind2="2">
    <subfield code="a">Nursing</subfield>
    <subfield code="x">trends.</subfield>
    <subfield code="9">2644</subfield>
  </datafield>
  <datafield tag="650" ind1="2" ind2="2">
    <subfield code="a">Nursing Research.</subfield>
    <subfield code="9">1113</subfield>
  </datafield>
  <datafield tag="650" ind1="2" ind2="2">
    <subfield code="a">Philosophy, Nursing.</subfield>
    <subfield code="9">979</subfield>
  </datafield>
  <datafield tag="700" ind1="1" ind2=" ">
    <subfield code="a">Cody, William K.</subfield>
    <subfield code="9">2645</subfield>
  </datafield>
  <datafield tag="906" ind1=" " ind2=" ">
    <subfield code="a">7</subfield>
    <subfield code="b">cbc</subfield>
    <subfield code="c">orignew</subfield>
    <subfield code="d">1</subfield>
    <subfield code="e">ecip</subfield>
    <subfield code="f">20</subfield>
    <subfield code="g">y-gencatlg</subfield>
  </datafield>
  <datafield tag="942" ind1=" " ind2=" ">
    <subfield code="2">lcc</subfield>
    <subfield code="c">BK</subfield>
  </datafield>
  <datafield tag="999" ind1=" " ind2=" ">
    <subfield code="c">10152</subfield>
    <subfield code="d">17652</subfield>
  </datafield>
  <datafield tag="952" ind1=" " ind2=" ">
    <subfield code="0">0</subfield>
    <subfield code="1">0</subfield>
    <subfield code="2">lcc</subfield>
    <subfield code="4">0</subfield>
    <subfield code="7">0</subfield>
    <subfield code="a">WIUC-KL</subfield>
    <subfield code="b">WIUC-KL</subfield>
    <subfield code="c">NURS L.</subfield>
    <subfield code="d">2019-11-26</subfield>
    <subfield code="o">RT84.5.P53(5e)</subfield>
    <subfield code="p">KSN/739/739/19</subfield>
    <subfield code="r">2023-11-01 00:00:00</subfield>
    <subfield code="t">1</subfield>
    <subfield code="w">2023-11-01</subfield>
    <subfield code="y">BK</subfield>
  </datafield>
  <datafield tag="952" ind1=" " ind2=" ">
    <subfield code="0">0</subfield>
    <subfield code="1">0</subfield>
    <subfield code="2">lcc</subfield>
    <subfield code="4">0</subfield>
    <subfield code="7">0</subfield>
    <subfield code="a">WIUC-KL</subfield>
    <subfield code="b">WIUC-KL</subfield>
    <subfield code="c">NURS L.</subfield>
    <subfield code="d">2019-11-26</subfield>
    <subfield code="o">RT84.5.P531(5e)</subfield>
    <subfield code="p">KSN/740/740/19</subfield>
    <subfield code="r">2023-11-01 00:00:00</subfield>
    <subfield code="t">2</subfield>
    <subfield code="w">2023-11-01</subfield>
    <subfield code="y">BK</subfield>
  </datafield>
  <datafield tag="952" ind1=" " ind2=" ">
    <subfield code="0">0</subfield>
    <subfield code="1">0</subfield>
    <subfield code="2">lcc</subfield>
    <subfield code="4">0</subfield>
    <subfield code="7">0</subfield>
    <subfield code="a">WIUC-1</subfield>
    <subfield code="b">WIUC-1</subfield>
    <subfield code="c">NURS L.</subfield>
    <subfield code="d">2024-07-23</subfield>
    <subfield code="l">0</subfield>
    <subfield code="o">RT84.5. P53(5e)</subfield>
    <subfield code="p">NURS/821/001/24</subfield>
    <subfield code="r">2024-07-23 00:00:00</subfield>
    <subfield code="t">1</subfield>
    <subfield code="w">2024-07-23</subfield>
    <subfield code="y">BK</subfield>
  </datafield>
  <datafield tag="952" ind1=" " ind2=" ">
    <subfield code="0">0</subfield>
    <subfield code="1">0</subfield>
    <subfield code="2">lcc</subfield>
    <subfield code="4">0</subfield>
    <subfield code="7">0</subfield>
    <subfield code="a">WIUC-1</subfield>
    <subfield code="b">WIUC-1</subfield>
    <subfield code="c">NURS L.</subfield>
    <subfield code="d">2024-07-23</subfield>
    <subfield code="l">0</subfield>
    <subfield code="o">RT84.5. P531(5e)</subfield>
    <subfield code="p">NURS/822/002/24</subfield>
    <subfield code="r">2024-07-23 00:00:00</subfield>
    <subfield code="t">2</subfield>
    <subfield code="w">2024-07-23</subfield>
    <subfield code="y">BK</subfield>
  </datafield>
  <datafield tag="952" ind1=" " ind2=" ">
    <subfield code="0">0</subfield>
    <subfield code="1">0</subfield>
    <subfield code="2">lcc</subfield>
    <subfield code="4">0</subfield>
    <subfield code="7">0</subfield>
    <subfield code="a">WIUC-1</subfield>
    <subfield code="b">WIUC-1</subfield>
    <subfield code="c">NURS L.</subfield>
    <subfield code="d">2024-07-23</subfield>
    <subfield code="l">0</subfield>
    <subfield code="o">RT84.5. P532(5e)</subfield>
    <subfield code="p">NURS/823/003/24</subfield>
    <subfield code="r">2024-07-23 00:00:00</subfield>
    <subfield code="t">3</subfield>
    <subfield code="w">2024-07-23</subfield>
    <subfield code="y">BK</subfield>
  </datafield>
  <datafield tag="952" ind1=" " ind2=" ">
    <subfield code="0">0</subfield>
    <subfield code="1">0</subfield>
    <subfield code="2">lcc</subfield>
    <subfield code="4">0</subfield>
    <subfield code="7">0</subfield>
    <subfield code="a">WIUC-1</subfield>
    <subfield code="b">WIUC-1</subfield>
    <subfield code="c">NURS L.</subfield>
    <subfield code="d">2024-07-23</subfield>
    <subfield code="l">0</subfield>
    <subfield code="o">RT84.5. P533(5e)</subfield>
    <subfield code="p">NURS/824/004/24</subfield>
    <subfield code="r">2024-07-23 00:00:00</subfield>
    <subfield code="t">4</subfield>
    <subfield code="w">2024-07-23</subfield>
    <subfield code="y">BK</subfield>
  </datafield>
  <datafield tag="952" ind1=" " ind2=" ">
    <subfield code="0">0</subfield>
    <subfield code="1">0</subfield>
    <subfield code="2">lcc</subfield>
    <subfield code="4">0</subfield>
    <subfield code="7">0</subfield>
    <subfield code="a">WIUC-1</subfield>
    <subfield code="b">WIUC-1</subfield>
    <subfield code="c">NURS L.</subfield>
    <subfield code="d">2024-07-23</subfield>
    <subfield code="l">0</subfield>
    <subfield code="o">RT84.5. P534(5e)</subfield>
    <subfield code="p">NURS/825/005/24</subfield>
    <subfield code="r">2024-07-23 00:00:00</subfield>
    <subfield code="t">5</subfield>
    <subfield code="w">2024-07-23</subfield>
    <subfield code="y">BK</subfield>
  </datafield>
</record>
